Statistics for Top 50 girl names in Ireland (2021)

Click here to take the quiz!

General Stats

  • This quiz has been taken 108 times
  • The average score is 23 of 50

Answer Stats

#Name% Correct
19Olivia
80%
15Emma
78%
21Anna
75%
3Emily
73%
43Sarah
71%
8Ava
62%
39Isabelle
62%
11Amelia
60%
12Chloe
60%
10Ella
60%
7Mia
60%
2Grace
58%
13Hannah
58%
28Kate
56%
30Sofia
56%
14Sophia
56%
16Ellie
55%
48Charlotte
53%
35Katie
53%
41Alice
51%
17Isla
51%
50Rosie
51%
4Sophie
51%
22Freya
49%
9Lily
49%
6Lucy
49%
42Zoe
49%
32Aoife
44%
44Erin
44%
37Leah
44%
24Evie
40%
18Molly
40%
45Ada
35%
25Caoimhe
35%
38Millie
35%
26Ruby
35%
29Willow
35%
46Annie
33%
31Holly
33%
34Roisin
33%
33Cara
31%
1Fiadh
31%
23Saoirse
31%
20Sadie
29%
49Layla
25%
40Clodagh
24%
47Bonnie
20%
5Eabha
20%
27Robyn
20%
36Sadhbh
18%

Score Distribution

Percentile by Number Answered

Percent of People with Each Score

Your Score History

You have not taken this quiz